Využití virtuálního studijního prostředí v celoživotním vzdělávání

Jedným z mnohých profesionálne vytvorených virtuálnych prostredí je systém WebCT, ktorý je využívaný na Fakulte informatiky a manažmentu Univerzity Hradec Králové. Príklad využitia virtuálneho študijného prostredia na FIM UHK.

Na minha lista:
Detalhes bibliográficos
Autor principal: Milková, Eva
Outros Autores: Poulová, Petra
Formato: Capítulo de Livro
Idioma:tcheco
Assuntos:
Tags: Adicionar Tag
Sem tags, seja o primeiro a adicionar uma tag!

MARC

LEADER 00000naa$a2200000$$$4500
001 0002685
005 20230919104004.9
041 0 |a cze 
044 |a CZ 
245 1 0 |a Využití virtuálního studijního prostředí v celoživotním vzdělávání  |c aut. Eva Milková, Petra Poulová 
520 |a Jedným z mnohých profesionálne vytvorených virtuálnych prostredí je systém WebCT, ktorý je využívaný na Fakulte informatiky a manažmentu Univerzity Hradec Králové. Príklad využitia virtuálneho študijného prostredia na FIM UHK. 
610 2 0 |a štúdium dištančné 
610 2 0 |a vzdelávanie celoživotné 
610 2 0 |a školy vysoké 
610 2 0 |a realita virtuálna 
610 2 0 |a kurzy 
610 2 0 |a vzdelávanie permanentné 
610 2 0 |a Univerzita Hradec Králové 
100 1 |a Milková, Eva 
700 1 |a Poulová, Petra